Operas of Georges Bizet - Statistics

General Stats
  • This quiz has been taken 23 times
    20 since last reset
  • The average score is 2 of 15
Answer Stats
Opera % Correct
Carmen
100%
Les pêcheurs de perles
35%
Ivan IV
12%
La jolie fille de Perth
12%
Le docteur Miracle
12%
Djamileh
6%
Don Procopio
6%
Don Rodrigue
6%
La maison du docteur
6%
La prêtresse
6%
Clarisse Harlowe
0%
Grisélidis
0%
La coupe du roi de Thulé
0%
La guzla de l'émir
0%
Marlbrough s'en va-t-en guerre
0%
No matching quizzes found
Score Distribution
Percent of People with Each Score
Percentile by Number Answered
Your Score History
You have not taken this quiz since the last reset